Tendencias en la transformación de la profesiones (Registro nro. 22605)
[ vista simple ]
| 000 -LEADER | |
|---|---|
| fixed length control field | 00406 a2200121 4500 |
| 001 - CONTROL NUMBER | |
| control field | ART_4722 |
| 005 - DATE AND TIME OF LATEST TRANSACTION | |
| control field | 20260410161824.0 |
| 008 - FIXED-LENGTH DATA ELEMENTS--GENERAL INFORMATION | |
| fixed length control field | 260409a |
| 100 1# - MAIN ENTRY--PERSONAL NAME | |
| Personal name | Fernández de Castro, Ignacio |
| 245 10 - TITLE STATEMENT | |
| Title | Tendencias en la transformación de la profesiones |
| 700 1# - ADDED ENTRY--PERSONAL NAME | |
| Personal name | Gumpert, Leopoldo |
| 773 0# - HOST ITEM ENTRY | |
| Title | Revista de trabajo |
| Related parts | Formación profesional - Año 1, Nº 1 (mar./abr. 1994) |
| Record control number | REV4713 |
No hay ítems disponibles.